[Event "OP-2014-0-03532"]
[Site "LSS email"]
[Date "2014.10.27"]
[Round "?"]
[White "Souply, Yves"]
[Black "Vlasov, Aleksandr Sergeevic"]
[Result "1-0"]
[WhiteElo "1621"]
[BlackElo "1369"]
[PlyCount "37"]
[EventDate "2014.10.16"]
[EventType "tourn (corr)"]
[EventRounds "4"]
[EventCountry "GER"]
[SourceTitle "Corr 2015"]
[Source "ChessBase"]
[SourceDate "2015.07.17"]
[SourceVersion "1"]
[SourceVersionDate "2015.07.17"]
[SourceQuality "1"]

1. e4 e6 2. d4 d5 3. Nc3 dxe4 4. Nxe4 Nf6 5. Nxf6+ gxf6 6. Nf3 c5 7. Be3 cxd4 8. Nxd4 Bd7 9. Qf3 Nc6 10. 0-0-0 a6 11. Nxe6 Qa5 12. Nxf8 Rxf8 13. Qxf6 Qxa2 14. Bc5 Be6 15. Rd6 Qa5 16. Rxe6+ fxe6 17. Qxf8+ Kd7 18. Qd6+ Kc8 19. Bc4 1-0

[Event "LSS No Engine Cup 119 Preliminary 7"]
[Site "LSS email"]
[Date "2014.10.16"]
[Round "?"]
[White "Vlasov, Aleksandr Sergeevic"]
[Black "Stadler, Pavel"]
[Result "0-1"]
[WhiteElo "1370"]
[BlackElo "1347"]
[PlyCount "76"]
[EventDate "2014.10.17"]
[EventType "tourn (corr)"]
[EventRounds "6"]
[EventCountry "GER"]
[SourceTitle "Corr 2015"]
[Source "ChessBase"]
[SourceDate "2015.07.17"]
[SourceVersion "1"]
[SourceVersionDate "2015.07.17"]
[SourceQuality "1"]

1. e4 c5 2. Nf3 d6 3. Bc4 Nf6 4. Nc3 a6 5. a4 b6 6. 0-0 Bb7 7. e5 dxe5 8. Nxe5 e6 9. d3 Be7 10. Re1 Nc6 11. Qf3 Qc7 12. Nxc6 Bxc6 13. Qg3 Qxg3 14. hxg3 Bd6 15. Ne4 Nxe4 16. dxe4 Ke7 17. Be3 b5 18. e5 Bxe5 19. Bxc5+ Kf6 20. Rxe5 Kxe5 21. Re1+ Kf6 22. Bd4+ Ke7 23. Bc5+ Kd7 24. Rd1+ Kc7 25. axb5 axb5 26. Bd3 Rhd8 27. Re1 h5 28. f3 Rd5 29. b4 e5 30. Kf2 g6 31. g4 hxg4 32. fxg4 Re8 33. Ra1 e4 34. Be2 Rd2 35. Ke1 Rxc2 36. Ra7+ Bb7 37. Bxb5 Rh8 38. Ra1 Rh1+ 0-1

[Event "RB-2014-0-00262"]
[Site "LSS email"]
[Date "2014.10.12"]
[Round "?"]
[White "Vlasov, Aleksandr Sergeevic"]
[Black "Rodriguez Lopez, Roberto Carlos"]
[Result "0-1"]
[WhiteElo "1370"]
[BlackElo "2130"]
[PlyCount "58"]
[EventDate "2014.09.09"]
[EventType "tourn (corr)"]
[EventRounds "6"]
[EventCountry "GER"]
[SourceTitle "Corr 2015"]
[Source "ChessBase"]
[SourceDate "2015.07.17"]
[SourceVersion "1"]
[SourceVersionDate "2015.07.17"]
[SourceQuality "1"]

1. d4 Nf6 2. c4 e6 3. a3 d5 4. Nc3 dxc4 5. e4 c5 6. d5 exd5 7. exd5 Bd6 8. Bxc4 0-0 9. Nge2 a6 10. h3 b5 11. Bd3 Bb7 12. Bg5 Nbd7 13. 0-0 Qc7 14. b4 cxb4 15. axb4 Bxb4 16. Rc1 Qe5 17. Bf4 Qh5 18. Qb3 Nc5 19. Qd1 Nxd5 20. Bg3 Rfd8 21. Nxd5 Qxd5 22. Nf4 Qc6 23. Bh4 Rxd3 24. Qxd3 Nxd3 25. Rxc6 Nxf4 26. Rc7 Bxg2 27. Rb1 a5 28. Bg3 Be4 29. Rxb4 Ne2+ 0-1